[Event "Final GP Rapid TOP 16 2019"]
[Site "Khanty-Mansijsk"]
[Date "2019.12.03"]
[Round "15.4"]
[White "Moiseenko, Vadim"]
[Black "Maltsevskaya, Aleksandra"]
[Result "1-0"]
[WhiteElo "2532"]
[BlackElo "2332"]
[Annotator "TA"]
[PlyCount "67"]
[EventDate "2019.12.01"]
[EventType "tourn"]
[EventCountry "RUS"]
[SourceTitle "playchess.com"]
[Source "ChessBase"]
[SourceQuality "1"]

{[%evp 22,99,16,25,16,25,31,34,19,35,33,20,51,43,31,8,63,90,86,69,108,120,173,132,149,76,76,94,74,116,210,198,187,132,129,143,194,131,193,150,333,333,340,340,337,331,695,537,507,411,412,425,443,393,730,426,419,407,781,525,493,389,714,666,913,837,1266,1262,1235,1191,6287,5261,29990,29991,29994,29975,29991,29992,29998,29999]} 1. e4 c5 2. Nf3 Nc6 3. d4 cxd4 4. Nxd4 e6 5. Nc3 Nf6 6. Nxc6 bxc6 7. e5 Nd5 8. Ne4 Qc7 9. f4 Qb6 10. c4 Bb4+ 11. Ke2 f5 12. exf6 Nxf6 {B45: Sicilian Four Knights} 13. Be3 Qd8 14. Nd6+ Bxd6 {White is slightly better.} 15. Qxd6 c5 (15... Bb7 16. Kd1 c5 17. Bd3 Rc8 18. Kc2 Qb6 19. Qxb6 axb6 20. a4 Bxg2 {0-1 (43) Czarnota,P (2532)-Navara,D (2724) Katowice 2019}) 16. Rd1 Bb7 17. Qxc5 Rc8 18. Qb4 $146 ({Predecessor:} 18. Qxa7 Bc6 19. Bb6 Qe7 20. Bc5 {1-0 (41) Fakhrutdinov,T (2481)-Baghdasaryan,V (2354) Moscow 2019}) 18... Rb8 (18... Qc7 $11) 19. Qa3 $1 $14 Ne4 20. Kd3 $36 {[%mdl 2048] White fights for an advantage.} (20. Bxa7 Ra8 $17) 20... Qf6 21. Kc2 (21. Qxa7 O-O $15) (21. Bxa7 Ra8 $17) 21... Bc6 (21... a5 $16) 22. Kc1 Kf7 23. Bd3 (23. g3 $142) 23... Rb7 $16 24. Rhe1 Rhb8 {[%cal Rb7b2]} 25. Re2 Ke8 (25... Kg8 $16) 26. g3 (26. Bxa7 Ra8 $14) 26... Rb4 {...Ra4 is the strong threat.} 27. Bxe4 (27. Bxa7 $6 Ra4 $16) ({White should play} 27. Qxa7 $18 {Hoping for Bd4.} Nc3 28. Bd4 Nxe2+ 29. Bxe2) 27... Bxe4 28. Rd4 Bc6 (28... d5 $16) 29. Qc3 (29. Qxa7 $18 Kf7 30. Qc5) 29... Qf5 (29... Kf7 $16 30. b3 R4b7) 30. Rdd2 a5 $2 (30... Bf3 $16 {was worth a try.}) 31. Ba7 $18 (31. Qxg7 Rxc4+ 32. Rc2 Qd3 $14) 31... R8b7 32. Re5 (32. Qxg7 Rxa7 33. b3 Rab7 $15) 32... Qh3 33. Bc5 ({Inferior is} 33. Rxa5 Rxb2 34. Rxb2 (34. Qxb2 Rxb2 35. Kxb2 Qf1 $11) 34... Qf1+ 35. Kd2 (35. Kc2 Be4+ 36. Kd2 Qg2+ {[%mdl 64] Double Attack} 37. Kc1 Qf1+ 38. Kd2 Qg2+ {[%mdl 64] Double Attack} 39. Kc1 Qh1+ 40. Kd2 Qxh2+ 41. Kc1 Qh1+ 42. Kd2 Qg2+ 43. Kc1 Qh1+ 44. Kd2 Qg2+ 45. Kc1 Qh1+ $11) 35... Qg2+ 36. Kc1 Qh1+ 37. Kc2 Be4+ 38. Kd2 Qg2+ 39. Kc1 Qf1+ 40. Kd2 Qg2+ 41. Kc1 Qf1+ 42. Kd2 Qg2+ $11) 33... Ba4 $2 (33... Qf1+ 34. Rd1 Qxc4) 34. Qd3 {Played: Re5-e1} 1-0

[Event "Final GP Rapid TOP 16 2019"]
[Site "Khanty-Mansijsk"]
[Date "2019.12.03"]
[Round "15.5"]
[White "Sakaev, Konstantin"]
[Black "Murzin, Volodar"]
[Result "1-0"]
[WhiteElo "2595"]
[BlackElo "2429"]
[Annotator "TA"]
[PlyCount "53"]
[EventDate "2019.12.01"]
[EventType "tourn"]
[EventCountry "RUS"]
[SourceTitle "playchess.com"]
[Source "ChessBase"]
[SourceQuality "1"]

{[%evp 9,53,10,12,0,37,18,29,0,8,6,20,17,50,42,49,50,69,72,74,73,76,58,73,66,56,61,87,69,71,57,138,152,98,106,206,206,192,176,301,286,622,568,548,558,741,488]} 1. d4 d5 2. c4 c6 3. Nf3 Nf6 4. Nc3 a6 5. g3 e6 6. Bg2 {D15: Slav Defence: 4 Nc3 a6 and gambit lines after 4 Nc3 dxc4} Nbd7 7. Qd3 Be7 $146 ({Predecessor:} 7... b5 8. c5 b4 9. Na4 a5 10. a3 Ba6 11. Qc2 Be7 12. axb4 axb4 13. O-O O-O 14. Bf4 Ne4 15. Rfe1 f6 {1-0 (15) Grischuk,A (2719)-Sasikiran,K (2694) Almaty 2008}) 8. e4 {White has an edge.} dxe4 9. Nxe4 Nxe4 10. Qxe4 Bb4+ 11. Bd2 Bxd2+ 12. Nxd2 Nf6 13. Qe3 O-O 14. O-O Ng4 15. Qc3 e5 16. dxe5 Nxe5 17. Ne4 Ng6 18. Rad1 Qc7 $1 19. Nd6 Be6 {[#]} (19... Ne7 $1 $14) 20. f4 $1 $16 {[%cal Rf4f5] And now f5 would win.} Rad8 (20... Rfd8 $142) 21. c5 $36 {[%mdl 2048] Hoping for f5. Keeping Black busy.} f5 (21... Ne7 $16 {was necessary.}) 22. Rfe1 $18 Rf6 23. Qb4 Nf8 (23... Rb8 $142 24. Re3 a5) 24. Qxb7 Qa5 $2 {[#]} (24... Qxb7 25. Nxb7 Rxd1 26. Rxd1 Bxa2) 25. Qb6 {White is clearly winning.} Qxb6 26. cxb6 Bxa2 27. Ne4 {Accuracy: White = 65%, Black = 25%.} 1-0

[Event "Final GP Rapid TOP 16 2019"]
[Site "Khanty-Mansijsk"]
[Date "2019.12.03"]
[Round "15.6"]
[White "Golubov, Saveliy"]
[Black "Tsydypov, Zhamsaran"]
[Result "1/2-1/2"]
[WhiteElo "2469"]
[BlackElo "2553"]
[Annotator "TA"]
[PlyCount "164"]
[EventDate "2019.12.01"]
[EventType "tourn"]
[EventCountry "RUS"]
[SourceTitle "playchess.com"]
[Source "ChessBase"]
[SourceQuality "1"]

{[%evp 14,164,24,19,38,16,39,32,50,41,66,43,50,25,30,31,53,19,27,10,31,-8,24,0,75,78,89,81,82,72,72,68,80,78,82,12,20,0,0,0,0,0,0,0,0,-112,-118,-195,-145,-415,-405,-452,-148,-139,-103,-100,-108,-804,-762,-641,-191,-293,-172,-177,-77,-77,-67,-67,-67,-66,-66,-105,-105,-105,-105,-111,-105,-104,-42,-42,-42,-50,-57,-57,-40,-40,-40,-40,-40,-40,-30,-40,-30,-30,-30,-30,-30,-30,-30,-30,-30,-31,-30,-30,-30,-30,-30,-30,-30,-40,-40,-40,-40,-40,-40,-40,-40,-40,-40,-40,-40,-40,-40,-40,-40,-40,-40,-40,-40,-40,-40,-40,-40,-40,-40,-40,0,-40,-40,-40,-40,-40,0,-40,-8,-8,-8,-8,-8,-8,-8,-8,-8]} 1. d4 Nf6 2. Nf3 g6 3. Bg5 Bg7 4. Nbd2 d6 5. c3 Nbd7 6. e4 e5 7. Bc4 O-O 8. O-O c6 {A48: 1 d4 Nf6 2 Nf3 g6: Torre, London and Colle Systems} (8... h6 9. Bh4 exd4 10. cxd4 g5 11. Bg3 Nh5 12. Re1 Nxg3 13. hxg3 Nb6 14. Bb3 a5 15. e5 a4 16. Bc2 dxe5 17. dxe5 {1-0 (31) Chigaev,M (2551)-Smagin,S (2551) Sochi 2016}) 9. a4 Qc7 10. Ba2 d5 $146 {White is slightly better.} ({Predecessor:} 10... Re8 11. Bh4 h6 12. Re1 exd4 13. cxd4 Nf8 14. Rc1 N8h7 15. Qc2 g5 16. e5 dxe5 17. dxe5 {1-0 (42) Lex,C (2245)-Freitag,R Germany 1994}) 11. exd5 Nxd5 12. dxe5 Nxe5 13. Nxe5 Qxe5 14. Nf3 Qf5 15. Re1 h6 16. Bh4 Bd7 17. c4 Nb6 18. Be7 Bxb2 (18... Rfe8 $11) 19. Rb1 $16 Bc3 20. Bxf8 Bxe1 21. Bxh6 Bc3 {[#]} 22. c5 $1 {[%cal Rc5b6][%mdl 512]} Nd5 (22... Qxc5 23. Rxb6) 23. Rxb7 Bf6 24. Nd4 ({White should try} 24. Bb1 $16 Qe6 25. Qb3) 24... Qe4 $11 25. Rxd7 Bxd4 26. Bxd5 cxd5 27. c6 Rc8 28. c7 Bxf2+ $40 {[%mdl 128] Black is up to no good.} 29. Kh1 (29. Kxf2 $11 Qf5+ {[%mdl 64] Double Attack} 30. Kg1 Qxd7 31. Qd4 $1 {[%mdl 512]}) 29... Bb6 $1 $17 {[%cal Rb6c7]} 30. Rxd5 (30. Bg5 $17 Rxc7 31. Rd8+ Kg7 32. Rxd5) 30... Rxc7 ({Worse is} 30... Bxc7 31. Qa1 $11) 31. Qa1 $2 {[%mdl 8192] [#]} (31. Bg5 $17 {was worth a try.} Rc4 32. Rd7) 31... f6 $1 $19 32. Rd2 {[#]} Kh7 $2 (32... Re7 $1 $19 {has better winning chances.} 33. Rd1 Qh4) 33. Bf8 $17 Qe8 34. Bd6 Rc4 35. Ra2 $2 {[%mdl 8192] [#]} (35. a5 $17 Ra4 36. Qf1 Rxa5 37. Rd1) 35... Qc6 $1 $19 {[%mdl 512]} 36. Ba3 Rxa4 $2 (36... Bc5 {Hoping for ...Bxa3.} 37. Qe1 Bxa3) 37. Qb1 (37. Qd1 {is a better defense.}) 37... Bc7 (37... Qd5 $142 38. Ra1 Rd4) 38. Qd1 Rh4 (38... Be5 $19 {is more deadly.} 39. Rc2 Qb5) 39. Rc2 $17 Rxh2+ 40. Kg1 Qb6+ 41. Bc5 Qe6 $1 {Threatens to win with ...Rh5.} 42. Rd2 Bf4 43. Rd7+ Kh6 44. Bf8+ Kg5 {( -> ...Qe3+)} 45. Qd5+ Qxd5 (45... Qf5 $17 46. Qxf5+ Kxf5 47. Rxa7 Rh4) 46. Rxd5+ {[%mdl 4096] Endgame KRB-KRB} Kg4 {And now ...Rh8 would win.} 47. Bd6 {Bxf4 is the strong threat.} Rh5 48. Rd4 Rf5 49. Ra4 Kg5 50. Bxf4+ Rxf4 51. Rxa7 $15 {KR-KR} Rb4 52. Ra3 f5 53. Kf2 Rb2+ 54. Kf3 Rc2 55. Rb3 Rc4 56. Kf2 Kf4 57. Rf3+ Ke5 {aiming for ...Rf4.} 58. Re3+ Kf6 59. Ra3 g5 60. Ra2 Ke5 61. Ra5+ Kf4 62. Ra2 Kg4 63. Ra3 f4 64. Rb3 Ra4 65. Rc3 Ra2+ 66. Kf1 Rb2 67. Ra3 Rd2 68. Rb3 Rd8 69. Ra3 Rh8 70. Kg1 Re8 71. Kf2 Rb8 72. Rc3 Rb1 73. Ra3 Rh1 74. Ra8 Rb1 75. Ra3 Rb5 76. Rc3 Rd5 77. Rb3 Rd2+ 78. Kf1 Kh5 79. g3 {The position is equal.} Kg4 {White must now prevent ...f3.} 80. gxf4 gxf4 81. Ra3 Rb2 82. Rc3 Ra2 {Accuracy: White = 59%, Black = 56%.} 1/2-1/2

[Event "Final GP Rapid TOP 16 2019"]
[Site "Khanty-Mansijsk"]
[Date "2019.12.03"]
[Round "15.7"]
[White "Bocharov, Dmitry"]
[Black "Shimanov, Aleksandr"]
[Result "1/2-1/2"]
[WhiteElo "2519"]
[BlackElo "2587"]
[Annotator "TA"]
[PlyCount "37"]
[EventDate "2019.12.01"]
[EventType "tourn"]
[EventCountry "RUS"]
[SourceTitle "playchess.com"]
[Source "ChessBase"]
[SourceQuality "1"]

{[%evp 20,21,11,0]} 1. d4 d5 2. c4 e6 3. Nc3 Nf6 4. Nf3 c5 5. cxd5 Nxd5 6. e4 Nxc3 7. bxc3 cxd4 8. cxd4 Bb4+ 9. Bd2 Bxd2+ 10. Qxd2 O-O 11. Bd3 {Predecessor:} Nc6 $146 12. Bc2 Qa5 13. Qxa5 Nxa5 14. Bd3 Bd7 15. Ke2 Rac8 16. Rhc1 Rxc1 17. Rxc1 Rc8 18. Rxc8+ Bxc8 19. Kd2 {½-½ (49) Carlsen,M (2861)-Ding,L (2805) Abidjan 2019} 1/2-1/2

[Event "Final GP Rapid TOP 16 2019"]
[Site "Khanty-Mansijsk"]
[Date "2019.12.03"]
[Round "15.8"]
[White "Morozevich, Alexander"]
[Black "Potapov, Pavel"]
[Result "1/2-1/2"]
[WhiteElo "2659"]
[BlackElo "2489"]
[Annotator "TA"]
[PlyCount "29"]
[EventDate "2019.12.01"]
[EventType "tourn"]
[EventCountry "RUS"]
[SourceTitle "playchess.com"]
[Source "ChessBase"]
[SourceQuality "1"]

{[%evp 12,15,34,27,37,33]} 1. d4 Nf6 2. c4 e6 3. Nc3 Bb4 4. Qc2 d5 5. a3 Bxc3+ 6. Qxc3 dxc4 7. Qxc4 b6 {E36: Nimzo-Indian: Classical: 4...d5 5 a3} 8. Bf4 {Predecessor:} Ba6 $146 9. Qxc7 Qxc7 10. Bxc7 O-O 11. Bxb8 Raxb8 12. f3 Nd5 13. Kd2 f5 14. e3 Bxf1 15. Rxf1 {1-0 (39) Morozevich,A (2712)-Fedoseev,V (2661) Moscow 2014} 1/2-1/2